000
00307nam a2200133Ia 4500
008
190216s9999||||xx |||||||||||||| ||und||
100
_a
Subrahmanyanan. N And Brijlal
245
0
_a
Optics
250
_a
1st Ed.
260
_b
Sulthan Chand&Sons
_c
1997
300
_a
717
650
_a
Physics
942
_c
BK
999
_c
33339
_d
33339